00980cam a2200265 a 450000100100000000500170001000800410002702000220006804000230009008200180011310000310013124500580016225000230022026000520024330000280029549000230032350400520034665100320039865100490043065100350047983000300051491000340054495201210057899900150069900000571620200929151745.0860123s1988 pr a b 000 0 spa  a0940238861 (pbk.) aDO-SdBNPcDLCdDLC a972.95bP598h1 aPicó, Fernándo.91615810aHistoria general de Puerto Rico /cFernándo Picó. a8a ed. rev. y aum. aRío Piedras, Puerto Rico :bHuracán,c1988. a271 p. :bil. ;c23 cm.1 aHuracán academia aIncluye referencias bibliográficas ( p. 293 ) 4aPuerto RicoxHistoria91079 4aPuerto RicoxCondiciones Económicas916159 4aPuerto RicoxEsclavitud916160 0aHuracán academia916161 aCatalogación por copia / LC 001052708MOaGRbGRcCTd2009-08-21iLF1l0o972.95 P598hp5716-10r2020-06-25w2020-06-25y2ZPréstamo interno c5512d5512